00919naa a2200193 i 45000010005000000030009000050050017000140080039000310400021000700800007000911000116000982450125002146500018003396500032003577000143003897730165005329420013006979990015007109186KOSZ 00520180427135416.0151123s2005 pl n f |000 0pol cBPKdKOSZ 005/EG a371 aSKRZYPNIAK, Ryszard.d1996 - .bPolitechnika Koszalińska - Wydział Mechaniczny,cKatedra Nauk Pedagogicznych10aMedia w kształtowaniu tożsamości narodowej młodzieży akademickiej /cRyszard Skrzypniak, Stanisław Sokołowski. 0aKształcenie. 0aŚrodki masowego przekazu.1 aSOKOŁOWSKI, Stanisław.bPolitechnika Koszalińska - Wydział Mechaniczny,cKatedra Zastosowań Elektroniki i Elektrotechnikid1996 - .0 iW :tU progu wielkiej zmiany? : media w kulturze XXI wieku : nurty, kategorie, idee / red. nauk. Marek Sokołowski. -dOlsztyn : "Kastalia", 2005. -gs. 629-635 cROZ2UKD c9186d9186